000 00497nam a2200181Ia 4500
003 GCL
008 140319s9999 xx 000 0 ara d
040 _aGCL /
_cGCL
082 0 4 _aق
_b962.065
_bح م
100 1 _aحامد سلطان
245 1 0 _aمشكلة خليج العقبة /
_cحامد سلطان
300 _a29 ص
490 _a
650 0 4 _aالعلاقات الخارجية
650 0 4 _aالمنازعات الدولية
650 0 4 _aخليج العقبة
942 _2ddc
_cBK
999 _c45752
_d45752